01195nab a22002057a 4500999001500000003000400015005001700019008004100036040000700077100003800084245011500122300001500237505043100252505007200683650002800755650002600783650005800809773010900867942001300976 c5882d5882OSt20260109023805.0190514b xxu||||| |||| 00| 0 spa d cPJ 96765aPérez Castelli, Ayelén 13aDerecho humano a vivir en familia : bguardas de hecho y situaciones irregulares /cAyelén Pérez Castelli. ap. 126-137 aSumario: I. Introducción.— II. Contexto normativo vigente: enfoque de derechos humanos.— III. Vulnerabilidad(es) y vulneraciones desde una perspectiva interseccional: herramientas para el análisis.— IV. Poner en crisis algunas respuestas actuales del Sistema de Promoción y Protección Integral de Derechos de Niños, Niñas y Adolescentes: guardas de hecho y situaciones irregulares.— V. Reflexiones finales. tSi te interesa el texto, comunicate a koha@justierradelfuego.gov.ar 09967aDERECHO DE FAMILIA 09614aDERECHOS HUMANOS 092741aDERECHOS DE LAS NIÑAS, NIÑOS Y ADOLESCENTES0 0284493222dBuenos Aires : AbeledoPerrot, 1989-tDerecho de familia. N° 121 - Septiembre 2025z18511201 2udccANA